000 00671nam a22002297a 4500
005 20170124110141.0
010 _aB-031283
020 _c00.00
_a8187371884
035 _aB-031283
037 _aCen Lib/Ret
040 _aDPL
_bEN
082 _a181.4
_bTAN
100 _aTandon, Veena
_9101688
245 _aContemporary Indian philosophy /
_cby Veena Tandon
260 _aDelhi
_bRajat Publications
_c2000
270 _bDelhi
_a4675/21, Ansari Road
_e110002
300 _avi, 287p.
_c22cm(Hb)
500 _aIncludes Index
650 _aPhilosophy
_zIndia
_9101689
650 _aLoBhddhist philosophy
_932772
942 _2ddc
_cEN
_h181.4
_mTAN
999 _c131785
_d131785